Great power rivalry at the Turkish Straits : the Montreux Conference and Convention of 1936
Αποθηκεύτηκε σε:
| Κύριος συγγραφέας: | |
|---|---|
| Μορφή: | Βιβλίο |
| Γλώσσα: | English |
| Δημοσίευση: |
New York :
Distributed by Columbia University Press,
1981.
|
| Σειρά: | East European monographs
|
| Θέματα: | |
| Ετικέτες: |
Προσθήκη ετικέτας
Δεν υπάρχουν, Καταχωρήστε ετικέτα πρώτοι!
|
MARC
| LEADER | 00000cam a2200000 a 4500 | ||
|---|---|---|---|
| 001 | 1/113940 | ||
| 008 | 170516s1981####nyu| ||| |1|| ||eng|| | ||
| 020 | |a 09147100 | ||
| 040 | |a GR-MyUa |b gre |c GR-MyUa |e AACR2 | ||
| 041 | 0 | |a eng | |
| 082 | 7 | |a 341.446 |2 (23) | |
| 100 | 0 | |a DeLuca, Anthony R. | |
| 245 | 1 | 0 | |a Great power rivalry at the Turkish Straits : |b the Montreux Conference and Convention of 1936 / |c Anthony R. DeLuca. |
| 260 | |a New York : |b Distributed by Columbia University Press, |c 1981. | ||
| 300 | |a viii, 216 σ. ; |c 23 εκ. | ||
| 490 | 1 | |a (East European monographs ; |v 77) | |
| 504 | |a Βιβλιογραφία: σ. 206-211. | ||
| 650 | 0 | |a Straits question. | |
| 651 | 0 | |a Turkish Straits (Turkey) | |
| 830 | 0 | |a East European monographs | |
| 852 | |a INST |b LESVOS |e 20170516 |h 341.446 DEL |p 005100059206 |q 005100059206 |t BK |y 0 | ||
| 970 | |a Τζαφέρη |b Ευαγγελία |z 16-05-2017 | ||